Mughal Administration in Golconda (Record no. 4975)

MARC details
000 -LEADER
fixed length control field 00644nam a2200253 a 4500
020 ## - INTERNATIONAL STANDARD BOOK NUMBER
ISBN 0195614
082 00 - DEWEY DECIMAL CLASSIFICATION NUMBER
Classification number 954.84
Author Cutter RIC
100 ## - MAIN ENTRY--AUTHOR NAME
Author name Richard, J F
245 ## - TITLE STATEMENT
Title Mughal Administration in Golconda
260 ## - PUBLICATION, DISTRIBUTION, ETC. (IMPRINT)
Place of publication Londan
Name of publisher Oxford University Press
Year of publication 1975
300 ## - PHYSICAL DESCRIPTION
Number of Pages 350p
500 ## - GENERAL NOTE
General note includes index and biblioraphy
505 2# - FORMATTED CONTENTS NOTE
Formatted contents note Index
650 ## - SUBJECT ADDED ENTRY--TOPICAL TERM
Topical Term Deccan-History
650 ## - SUBJECT ADDED ENTRY--TOPICAL TERM
Topical Term Mughal India-Administration-deccan
942 ## - ADDED ENTRY ELEMENTS (KOHA)
Koha item type Books
700 1# -
-- Richard, J F
Holdings
Collection code Home library Current library Date acquired Cost, normal purchase price Full call number Accession Number Koha item type
  Henry Martyn Institute Library Henry Martyn Institute Library 02/12/2010 670.00 954.84 RIC 09844 Books
                   Copyright © 2026 | Henry Martyn Institute | Hyderabad | TS-500052 | INDIA | Implemented by hmi.edu.in
Hit-Count:

Powered by Koha